Kommentar zum Handelsgesetzbuch
Na minha lista:
| Formato: | Livro |
|---|---|
| Idioma: | alemão |
| Publicado em: |
Prag
Tsechoslowakische Handels- und Industriekammer
1992
|
| Edição: | 1. Aufl. |
| Assuntos: | |
| Tags: |
Sem tags, seja o primeiro a adicionar uma tag!
|
MARC
| LEADER | 00000nam a2200000 4500 | ||
|---|---|---|---|
| 001 | c004984 | ||
| 005 | 20221214085825.7 | ||
| 020 | |a 80-7003-5 | ||
| 041 | 0 | |a ger | |
| 044 | |a CZ | ||
| 245 | 1 | 0 | |a Kommentar zum Handelsgesetzbuch |
| 250 | |a 1. Aufl. | ||
| 264 | 1 | |a Prag |b Tsechoslowakische Handels- und Industriekammer |c 1992 | |
| 300 | |a 117 s. | ||
| 610 | 2 | 0 | |a zákonník obchodný |
| 610 | 2 | 0 | |a predpisy právne |
| 610 | 2 | 0 | |a ČSFR |
| 610 | 2 | 0 | |a obchod |